Trasferimenti più costosi - Germania - Statistics

Statistiche generali
  • Questo quiz è stato fatto 92 volte
    36 dall'ultimo reset
  • Il punteggio medio è 12 su 15
Statistiche sulle risposte
Costo (M €) Da A Anno Calciatore % Corretto
125 Bayer Leverkusen Liverpool 2025 Florian Wirtz
97%
35 Roma Chelsea 2017 Antonio Rüdiger
94%
75 Chelsea Arsenal 2023 Havertz
94%
80 Bayer Leverkusen Chelsea 2020 Kai Havertz
94%
43 Schalke 04 Wolfsburg 2015 Julian Draxler
91%
36 Wolfsburg Paris-Saint Germain 2017 Julian Draxler
91%
53 Red Bull Lipsia Chelsea 2020 Timo Werner
91%
35 Borussia Dortmund Bayern Monaco 2016 Mats Hummels
88%
47 Real Madrid Arsenal 2013 Mesut Özil
88%
52 Schalke 04 Manchester City 2016 Leroy Sané
76%
49 Manchester City Bayern Monaco 2020 Leroy Sané
76%
37 Borussia Dortmund Bayern Monaco 2013 Mario Götze
76%
37 Schalke 04 Paris-Saint Germain 2018 Thilo Kehrer
61%
41 Valencia Arsenal 2016 Shkodran Mustafi
48%
32 Hoffenheim Bayer Leverkusen 2019 Kerem Demirbay
3%
Nessun quiz corrispondente trovato
Distribuzione punteggi
Percentuale di utenti per punteggio
Percentile per numero di risposta
I tuoi punteggi nel tempo
Non hai fatto questo quiz dall'ultimo reset